000 00326 a2200133 4500
003 Nust
005 20170207154040.0
040 _cNust
100 _aRobin, Jack
245 _aPractical Amplifier Diagrams (E-BOOK)
_cJack Robin & Chester E. Lipman,
260 _aOs-tronic
_bLos Angeles,
_c1947
300 _a104 p
651 _aE-Book
942 _2ddc
_cBK
999 _c192589
_d192589